Sổ tay tính toán kết cấu gạch đá và gạch đá cốt thép

Wedi'i Gadw mewn:
Manylion Llyfryddiaeth
Prif Awdur: Nguyễn Hiển
Fformat: Llyfr
Iaith:Undetermined
Cyhoeddwyd: Hà Nội Viện Thiết kế điển hình 1998
Pynciau:
Tagiau: Ychwanegu Tag
Dim Tagiau, Byddwch y cyntaf i dagio'r cofnod hwn!
Thư viện lưu trữ: Trung tâm Học liệu Trường Đại học Cần Thơ
LEADER 00622nam a2200193Ia 4500
001 CTU_40367
008 210402s9999 xx 000 0 und d
020 |b 28.000đ 
082 |a 624.1832 
082 |b H305 
100 |a Nguyễn Hiển 
245 0 |a Sổ tay tính toán kết cấu gạch đá và gạch đá cốt thép 
245 0 |c Nguyễn Hiển 
260 |a Hà Nội 
260 |b Viện Thiết kế điển hình 
260 |c 1998 
650 |a building stones,concrete construction 
904 |i Minh, 010301 
980 |a Trung tâm Học liệu Trường Đại học Cần Thơ